Paroles - Jeune Demoiselle - Diam's - Statistiques

Statistiques générales
  • Ce quiz a été pris 403 fois
  • Le résultat moyen est 566 sur 792
Statistiques - réponses
Answers % Correct
de
100%
j'
100%
me
100%
à
99%
A
99%
a
99%
demoiselle
99%
Jeune
99%
mec
99%
qui
99%
un
99%
Un
99%
mortel
98%
recherche
98%
la
97%
le
96%
Le
96%
des
94%
pour
94%
les
93%
si
93%
Si
93%
pas
92%
et
91%
Et
91%
ailes
90%
Il
90%
il
90%
peu
90%
ton
90%
e-mail
89%
n'a
89%
donner
88%
t'as
88%
critères
87%
Donc
87%
peur
87%
moi
86%
mon
86%
Mon
86%
qu'on
85%
Qu'on
85%
l'aime
83%
fidèle
82%
babe
81%
rêve
76%
laisse-moi
75%
Di
73%
mes
73%
se
73%
Dans
72%
dans
72%
du
69%
sa
68%
rêves
66%
ciel
65%
toucher
64%
famille
62%
pourrait
62%
fait
61%
sur
59%
m'aime
58%
belle
56%
rire
56%
style
56%
Brad
55%
car
55%
c'est
55%
comme
55%
tout
55%
Tout
55%
en
54%
Pitt
54%
rend
53%
sourire
53%
cour
52%
aime
50%
Angelo
50%
charisme
50%
m'emmène
49%
est
48%
n'aime
48%
Cabrel
47%
ses
47%
Diam's
46%
diam's
46%
diam's...
46%
(Diam's)
46%
une
46%
Beckham
45%
Jamel
45%
mal
44%
Quand
44%
quand
44%
bimbos
43%
charme
43%
au
42%
m'enlève
42%
Pom
42%
pom
42%
classe
41%
Jay-Z
40%
film
39%
torse
39%
voix
39%
formes
38%
Mais
38%
mais
38%
Non
38%
père
38%
droit
37%
sorti
37%
vie
37%
Booba
36%
d'un
36%
Usher
36%
ouais
35%
regard
35%
sait
35%
soeurs
35%
temps
35%
beau
34%
danse
34%
ex
34%
parle
34%
respect
34%
plume
33%
bas
31%
Eric
31%
mélangé
31%
valeurs
31%
J-Lo
30%
Nan
29%
Ramzy
29%
que
28%
cœur
27%
cultive
26%
Zidane
26%
bon
25%
ne
25%
encyclopédie
24%
feeling
24%
qu'il
24%
regarde
24%
Sopranos
24%
balade
22%
Musiq
22%
trouvé
22%
bien
21%
carrière
21%
femmes
21%
Friends
21%
Man
21%
Porsche
21%
potes
21%
week-end
21%
Affranchis
20%
font
20%
gosse
20%
m'appelle
20%
m'écrit
20%
m'importe
20%
on
20%
Scarface
20%
clean
19%
entre
19%
Lost
19%
sont
19%
tête
19%
trouver
19%
Ali
18%
au-delà
18%
aussi
18%
crâne
18%
gueule
18%
Internet
18%
lettres
18%
l'intello
18%
2000
17%
airs
17%
Casino
17%
chiante
17%
minet
17%
rentre
17%
l'an
16%
l'homme
16%
planète
16%
savoir
16%
t'ai
16%
Bah
15%
Hitch
15%
Mohamed
15%
calme
14%
d'Eminem
14%
deux
14%
moyens
14%
bitch
13%
connaît
13%
Method
13%
victime
13%
insiste
12%
J'te
12%
photos
12%
PS:
12%
complet
11%
Parce
11%
prendre
11%
p't-être
11%
risques
11%
top
11%
trouverais
11%
vous
10%
l'adresse
9%
triche
9%
barge
8%
SoulChild
8%
Chappelle
7%
digne
7%
Dave
6%
joindre
6%
qu'une
6%
pouvez
4%
Hein
2%
Jeunedemoisellerecherche@hotmail.fr
2%
Aucun quiz correspondant
Distribution des résultats
% des personnes avec chaque résultat
Percentile par nombre de réponses
Votre historique - résultats
Vous n’avez pas pris ce quiz